[Event "Balkan Youth Online-ch 2020"]
[Site "Online"]
[Date "2020.10.31"]
[Round "2.90"]
[White "Mihailidou, Magdalini"]
[Black "Obada, Ema"]
[Result "0-1"]
[WhiteElo "1796"]
[BlackElo "1940"]
[Annotator "TA"]
[PlyCount "64"]
[EventDate "2020.10.31"]
[EventType "swiss"]
[SourceTitle "playchess.com"]
[Source "ChessBase"]
[SourceQuality "1"]

{[%evp 20,64,24,37,38,28,22,25,31,-1,2,-39,-38,-43,-33,-31,-44,-142,-14,-291,-284,-382,-373,-368,-373,-386,-392,-392,-376,-404,-363,-393,-386,-360,14,14,14,16,41,-29978,-29978,-29996,-29997,-29997,-29998,-29998,-29999]} 1. e4 {Hansen,Cu} e6 2. d4 d5 3. e5 c5 4. c3 Nc6 5. Nf3 Bd7 6. Be2 Nge7 7. Na3 Nf5 8. Nc2 cxd4 9. cxd4 Nb4 10. O-O Nxc2 11. Qxc2 Qb6 {C02: French: Advance Variation.} 12. Rd1 Rc8 13. Qd3 {[#]} Be7 $146 {White has an edge.} ({Predecessor:} 13... h6 14. h4 a6 15. a4 Bb4 16. h5 Ne7 17. Qe3 Nc6 18. Bd3 Na5 19. Bb1 Be7 20. Ra2 {0-1 (31) Campora,D (2550)-Dreev,A (2670) Biel 1995 CBM 049 [Hansen,Cu]}) 14. Kh1 a6 15. Rb1 O-O 16. g4 Nh4 $36 {[%mdl 2048] Black fights for an advantage.} 17. Nxh4 Bxh4 18. g5 (18. Be3 $15) 18... Bxf2 ({Better is} 18... Bb5 $17 19. Qb3 Bxf2 20. Bxb5 Qxb5 21. Qxb5 axb5) 19. Kg2 $2 {[%mdl 8192]} (19. Qd2 $1 $11) 19... Bb5 20. Qb3 Bxd4 21. Bxb5 axb5 22. Bf4 Rc4 23. Qd3 Rfc8 24. Kh1 {If only White now had time for b3....} Bf2 25. Qf3 Rc2 26. Rf1 {intending Bg3.} Qd4 $2 (26... Bd4 $19 27. Rbc1 Rxc1 28. Bxc1 Qc7) 27. Bg3 $11 {[%cal Rg3f2]} f5 {Strongly threatening ...Bxg3.} ({And not} 27... Bxg3 28. Qxf7+ Kh8 {[#]} 29. Qf8+ $1 {[%mdl 512]} Rxf8 30. Rxf8#) 28. Rxf2 Rxf2 29. Qxf2 $4 {[%mdl 8192] [#]} (29. Bxf2 $14 Qa4 30. Rd1) 29... Qe4+ {[%mdl 64] Double Attack. Black mates.} 30. Qg2 Qxb1+ {[%mdl 64] Double Attack} 31. Qg1 Qe4+ 32. Qg2 Rc1+ {Av CentiPawn Loss W=-76/B=-27. Weighted=-104/-36} 0-1

[Event "Balkan Youth Online-ch 2020"]
[Site "Online"]
[Date "2020.10.31"]
[Round "2.91"]
[White "Shqau, Olta"]
[Black "Kalyva, Kyriaki"]
[Result "0-1"]
[WhiteElo "1373"]
[BlackElo "1823"]
[Annotator "NA RC"]
[PlyCount "56"]
[EventDate "2020.10.31"]
[EventType "swiss"]
[SourceTitle "playchess.com"]
[Source "ChessBase"]
[SourceQuality "1"]
[TimeControl "5400+30"]

1. d4 {[%emt 1:05:20]} d5 {[%emt 1:05:26]} 2. Nf3 {[%emt 0:00:30]} Nf6 {[%emt 0:00:25]} 3. e3 {[%emt 0:01:03]} e6 {[%emt 0:01:00]} 4. a3 {[%emt 0:00:53]} Nbd7 {[%emt 0:01:05]} 5. c4 {[%emt 0:00:31]} c6 {[%emt 0:00:24]} 6. Nc3 {[%emt 0:00:24]} Bd6 {[%emt 0:02:11]} 7. Be2 {[%emt 0:01:38]} O-O {[%emt 0:01:23]} 8. O-O {[%emt 0:00:25]} Re8 {[%emt 0:00:42]} 9. h3 {[%emt 0:00:59]} a6 {[%emt 0:02:06]} 10. b4 {[%emt 0:00:31]} b5 {[%emt 0:02:10]} 11. cxb5 {[%emt 0:01:55]} cxb5 {[%emt 0:00:25]} 12. Bb2 {[%emt 0:00:35]} Nb6 {[%emt 0:00:28]} 13. Qb3 {[%emt 0:01:42]} Qe7 {[%emt 0:05:01]} 14. Rfc1 {[%emt 0:02:11]} Bb7 {[%emt 0:01:31]} 15. Na2 {[%emt 0:02:15]} Ne4 {[%emt 0:00:59]} 16. Bd3 {[%emt 0:00:38]} Rad8 {[%emt 0:04:12]} 17. Bxe4 {[%emt 0:00:54]} dxe4 {[%emt 0:00:24]} 18. Nd2 {[%emt 0:01:42]} Bd5 {[%emt 0:00:27]} 19. Qd1 {[%emt 0:00:36]} Na4 {[%emt 0:00:53]} 20. Rcb1 {[%emt 0:01:00]} Rc8 {[%emt 0:00:28]} 21. Nb3 {[%emt 0:00:48]} Bb8 {[%emt 0:02:48]} 22. Nc5 {[%emt 0:02:45]} Nxc5 {[%emt 0:03:14]} 23. dxc5 {[%emt 0:00:34]} Red8 {[%emt 0:00:26]} 24. Qc2 {[%emt 0:01:17]} f5 {[%emt 0:00:49]} 25. Rd1 {[%emt 0:00:32]} Bc4 {[%emt 0:00:29]} 26. Qc3 {[%emt 0:01:08]} Bxa2 {[%emt 0:00:35]} 27. Rxd8+ {[%emt 0:00:32]} Rxd8 {[%emt 0:00:22]} 28. Rxa2 {[%emt 0:00:25]} Rd1+ {[%emt 0:00:23]} 0-1

[Event "Balkan Youth Online-ch 2020"]
[Site "Online"]
[Date "2020.10.31"]
[Round "2.92"]
[White "Bucur, Denisa-Andreea"]
[Black "Ergazaki, Eirini"]
[Result "1-0"]
[WhiteElo "2063"]
[BlackElo "1577"]
[Annotator "TA"]
[PlyCount "115"]
[EventDate "2020.10.31"]
[EventType "swiss"]
[SourceTitle "playchess.com"]
[Source "ChessBase"]
[SourceQuality "1"]

{[%evp 19,114,12,16,-5,-5,0,0,-38,-25,-41,-26,-32,-18,-27,-29,-36,-6,-10,-7,-5,0,0,0,0,0,2,24,17,25,0,0,0,80,61,120,103,114,79,107,100,100,0,55,0,103,99,98,28,123,80,108,115,123,113,155,103,636,624,5158,3895,1743,936,1968,1222,29990,1887,29974,29981,29987,29988,29988,1450,29989,29990,29990,29990,29990,29982,29982,29983,29983,29984,29983,12845,29984,12843,29987,29988,29986,29987,29989,29990,29993,29994,29998,29999,29999]} 1. d4 d5 2. c4 e6 3. Nc3 Nf6 4. Nf3 Be7 5. Bf4 O-O 6. e3 a6 7. Rc1 dxc4 8. Bxc4 b5 9. Be2 Bb7 10. O-O Nbd7 11. h3 {D37: Queen's Gambit Declined: 5 Bf4.} c5 12. dxc5 Nxc5 13. Qc2 {The position is equal.} Rc8 14. Rfd1 {[#]} Qb6 $146 ({Predecessor:} 14... Qa5 15. a3 Nce4 16. Qb3 Nc5 17. Qa2 b4 18. axb4 Qxb4 19. Rd4 Qb3 20. Bc4 Qb6 21. Ne5 Rfd8 22. Rcd1 Rxd4 23. Rxd4 {½-½ (23) Honert,S (1368)-Budde,M (1746) Frankfurt 2011}) 15. a3 Nce4 {aiming for ...Nxc3.} 16. Qb3 Nxc3 17. Rxc3 Rxc3 (17... Ne4 {is interesting.} 18. Rxc8 Rxc8 19. Qd3 Bd5 20. Nd2 Nxd2 21. Rxd2 Qb7) 18. bxc3 Qc5 19. c4 Bxf3 20. gxf3 {[%cal Rc4b5]} bxc4 21. Bxc4 Qh5 22. Kg2 a5 23. a4 Qg6+ 24. Kh2 Qh5 25. Be2 e5 (25... Nd5 $11) 26. Bg3 $16 Bb4 (26... e4 $1 $14) 27. Qb2 Re8 28. f4 Qf5 29. fxe5 Ne4 30. Bd3 (30. Bg4 $16 Qg6 31. Bd7) 30... Qf3 (30... Qh5 $11 31. Be2 Qg5) 31. Be2 Qf5 32. Bg4 $36 {[%mdl 2048] Keeping Black busy.} Qg6 33. Rg1 ({White should play} 33. Bd7 $16 Rf8 34. Qc2) 33... Nc3 (33... Nxg3 $11 34. Rxg3 Re7) 34. Qb3 Qc6 35. Rc1 Re7 36. Be2 g6 {[#]} 37. Bb5 (37. e6 $142 $1 {[%mdl 512]}) 37... Qd5 $2 {[%mdl 8192] Black cannot hold the game after this.} (37... Qc5 $16 38. Bc4 Rc7) 38. Rxc3 $18 Qf3 39. Rc8+ Kg7 40. Bc6 Qe2 41. Bd5 Be1 42. Rc2 (42. Qb6 $142 Kh6 43. Qf6 $1 {[%mdl 576] Double Attack} Qxf2+ 44. Bxf2 Bxf2 45. Qxf2 Kg7 46. Qf4 Rc7 47. Rxc7 h5 48. Rxf7+ Kh8 49. Qh6+ {[%mdl 64] Double Attack} Kg8 50. Qh7#) 42... Qh5 43. e6 f6 44. Bd6 Re8 45. Bc6 (45. Qb7+ $142 Kh6 46. Rc7 Rh8 {[#]} 47. Bf8+ $1 {[%mdl 512]} Kg5 48. e7 Bxf2 49. Rc5 Qg4 50. hxg4) 45... Rd8 46. Qb7+ Kh6 47. Bf4+ g5 48. e7 Rg8 49. e8=Q Rxe8 50. Bxe8 Qxe8 51. Bg3 Qg6 52. Rc7 Qf5 53. e4 {White mates.} Qg6 54. e5 Qf5 {[#]} 55. Rf7 $1 Qc2 56. Rxf6+ Kh5 57. Qf3+ g4 58. Qxg4# {Av CentiPawn Loss W=-151/B=-139. Weighted=-152/-187} 1-0

[Event "Balkan Youth Online-ch 2020"]
[Site "Online"]
[Date "2020.10.31"]
[Round "2.93"]
[White "Bojovic, Neda"]
[Black "Yilmaz, Duygu Sila"]
[Result "0-1"]
[WhiteElo "1316"]
[BlackElo "1408"]
[Annotator "NA RC"]
[PlyCount "102"]
[EventDate "2020.10.31"]
[EventType "swiss"]
[SourceTitle "playchess.com"]
[Source "ChessBase"]
[SourceQuality "1"]
[TimeControl "5400+30"]

1. d4 {[%emt 1:05:20]} d5 {[%emt 1:05:25]} 2. c4 {[%emt 0:00:23]} e6 {[%emt 0:00:24]} 3. Nc3 {[%emt 0:00:22]} Nf6 {[%emt 0:00:22]} 4. Bg5 {[%emt 0:00:24]} c6 {[%emt 0:00:48]} 5. e3 {[%emt 0:00:51]} b6 {[%emt 0:02:01]} 6. Nf3 {[%emt 0:02:19]} Nbd7 {[%emt 0:01:03]} 7. cxd5 {[%emt 0:00:25]} exd5 {[%emt 0:00:40]} 8. Bd3 {[%emt 0:00:37]} Bd6 {[%emt 0:01:51]} 9. Rc1 {[%emt 0:00:51]} O-O {[%emt 0:01:10]} 10. O-O {[%emt 0:01:40]} h6 {[%emt 0:03:16]} 11. Bh4 {[%emt 0:00:26]} Bb7 {[%emt 0:02:36]} 12. Bb1 {[%emt 0:01:43]} Be7 {[%emt 0:03:19]} 13. Qd3 {[%emt 0:02:31]} a5 {[%emt 0:03:26]} 14. Ne5 {[%emt 0:02:20]} g5 {[%emt 0:03:03]} 15. Bg3 {[%emt 0:00:39]} Ba6 {[%emt 0:04:35]} 16. Qc2 {[%emt 0:04:22]} Bxf1 {[%emt 0:00:38]} 17. Nxc6 {[%emt 0:00:25]} Qe8 {[%emt 0:00:29]} 18. Nxd5 {[%emt 0:00:30]} Kg7 {[%emt 0:03:37]} 19. Be5 {[%emt 0:03:56]} Rh8 {[%emt 0:00:28]} 20. Ncxe7 {[%emt 0:04:52]} Nxe5 {[%emt 0:00:33]} 21. dxe5 {[%emt 0:00:40]} Nxd5 {[%emt 0:00:23]} 22. Rxf1 {[%emt 0:01:39]} Nxe7 {[%emt 0:00:25]} 23. Qb3 {[%emt 0:00:40]} Qc6 {[%emt 0:00:38]} 24. a3 {[%emt 0:00:59]} Rad8 {[%emt 0:00:26]} 25. Ba2 {[%emt 0:02:11]} Qd5 {[%emt 0:00:23]} 26. Qxb6 {[%emt 0:00:28]} Qxa2 {[%emt 0:00:25]} 27. Qf6+ {[%emt 0:00:23]} Kg8 {[%emt 0:00:29]} 28. Qxe7 {[%emt 0:00:24]} Qd5 {[%emt 0:00:50]} 29. Qf6 {[%emt 0:00:30]} Re8 {[%emt 0:00:29]} 30. f4 {[%emt 0:01:24]} Qe6 {[%emt 0:00:23]} 31. fxg5 {[%emt 0:00:51]} Qxf6 {[%emt 0:00:22]} 32. Rxf6 {[%emt 0:00:32]} hxg5 {[%emt 0:00:26]} 33. Rf5 {[%emt 0:00:24]} Rh5 {[%emt 0:00:49]} 34. h3 {[%emt 0:00:25]} Kg7 {[%emt 0:00:24]} 35. Kf2 {[%emt 0:00:24]} Kg6 {[%emt 0:00:23]} 36. e4 {[%emt 0:00:21]} Rc8 {[%emt 0:00:40]} 37. Kf3 {[%emt 0:00:57]} Rc4 {[%emt 0:00:36]} 38. Rf6+ {[%emt 0:00:26]} Kg7 {[%emt 0:00:22]} 39. Rf5 {[%emt 0:00:21]} Rc2 {[%emt 0:00:25]} 40. Kg4 {[%emt 0:00:34]} Rh6 {[%emt 0:00:32]} 41. Rxg5+ {[%emt 0:00:35]} Rg6 {[%emt 0:00:25]} 42. g3 {[%emt 0:00:26]} Rxg5+ {[%emt 0:00:28]} 43. Kxg5 {[%emt 0:00:23]} Rxb2 {[%emt 0:00:21]} 44. g4 {[%emt 0:00:24]} Rb5 {[%emt 0:00:27]} 45. Kf5 {[%emt 0:00:22]} Rb3 {[%emt 0:00:41]} 46. h4 {[%emt 0:00:26]} Rf3+ {[%emt 0:00:50]} 47. Kg5 {[%emt 0:00:24]} Rxa3 {[%emt 0:00:22]} 48. Kf5 {[%emt 0:00:24]} Rf3+ {[%emt 0:00:22]} 49. Kg5 {[%emt 0:00:22]} a4 {[%emt 0:00:27]} 50. h5 {[%emt 0:00:22]} a3 {[%emt 0:00:39]} 51. h6+ {[%emt 0:00:22]} Kh7 {[%emt 0:00:23]} 0-1

[Event "Balkan Youth Online-ch 2020"]
[Site "Online"]
[Date "2020.10.31"]
[Round "2.94"]
[White "Eftovska, Lea"]
[Black "Zeycan, Alara"]
[Result "1-0"]
[WhiteElo "1587"]
[BlackElo "1230"]
[Annotator "NA RC"]
[PlyCount "105"]
[EventDate "2020.10.31"]
[EventType "swiss"]
[SourceTitle "playchess.com"]
[Source "ChessBase"]
[SourceQuality "1"]
[TimeControl "5400+30"]

1. e4 {[%emt 1:05:20]} e5 {[%emt 1:05:26]} 2. Nf3 {[%emt 0:00:25]} Nc6 {[%emt 0:00:28]} 3. Bc4 {[%emt 0:00:25]} Bc5 {[%emt 0:00:24]} 4. d3 {[%emt 0:00:23]} h6 {[%emt 0:00:29]} 5. O-O {[%emt 0:00:23]} Nf6 {[%emt 0:00:23]} 6. h3 {[%emt 0:00:32]} O-O {[%emt 0:00:23]} 7. Nbd2 {[%emt 0:00:32]} d6 {[%emt 0:00:34]} 8. c3 {[%emt 0:00:24]} Be6 {[%emt 0:00:27]} 9. b4 {[%emt 0:00:54]} Bb6 {[%emt 0:00:46]} 10. a4 {[%emt 0:00:29]} a6 {[%emt 0:00:31]} 11. Re1 {[%emt 0:00:51]} Re8 {[%emt 0:00:44]} 12. Bxe6 {[%emt 0:01:49]} fxe6 {[%emt 0:00:27]} 13. Nc4 {[%emt 0:00:28]} Ba7 {[%emt 0:00:41]} 14. Qb3 {[%emt 0:02:35]} b5 {[%emt 0:01:45]} 15. Ne3 {[%emt 0:01:10]} Kh8 {[%emt 0:01:54]} 16. Nf1 {[%emt 0:01:20]} d5 {[%emt 0:01:01]} 17. Bb2 {[%emt 0:04:16]} d4 {[%emt 0:00:43]} 18. c4 {[%emt 0:00:40]} bxc4 {[%emt 0:00:36]} 19. Qxc4 {[%emt 0:00:26]} Nb8 {[%emt 0:00:52]} 20. Nxe5 {[%emt 0:00:27]} Kh7 {[%emt 0:01:10]} 21. Rac1 {[%emt 0:00:42]} Re7 {[%emt 0:00:52]} 22. Ng3 {[%emt 0:00:36]} Qd6 {[%emt 0:00:45]} 23. Nf3 {[%emt 0:00:35]} e5 {[%emt 0:00:40]} 24. Nf5 {[%emt 0:00:26]} Qd7 {[%emt 0:01:23]} 25. Nxe7 {[%emt 0:00:25]} Qxe7 {[%emt 0:00:22]} 26. Qxc7 {[%emt 0:00:24]} Qxc7 {[%emt 0:00:24]} 27. Rxc7 {[%emt 0:00:22]} Nbd7 {[%emt 0:00:26]} 28. Rec1 {[%emt 0:00:32]} Bb6 {[%emt 0:00:30]} 29. Rc8 {[%emt 0:02:43]} Rxc8 {[%emt 0:00:46]} 30. Rxc8 {[%emt 0:00:23]} Kg6 {[%emt 0:00:24]} 31. Ba3 {[%emt 0:00:52]} Kf7 {[%emt 0:00:49]} 32. Rc6 {[%emt 0:00:30]} Ne8 {[%emt 0:01:20]} 33. a5 {[%emt 0:00:43]} Bc7 {[%emt 0:00:41]} 34. Rxa6 {[%emt 0:00:28]} Bd6 {[%emt 0:00:25]} 35. Rc6 {[%emt 0:01:11]} Ke7 {[%emt 0:00:46]} 36. Nh4 {[%emt 0:00:56]} Kf7 {[%emt 0:02:04]} 37. a6 {[%emt 0:00:36]} Nb8 {[%emt 0:00:30]} 38. a7 {[%emt 0:00:57]} Nxc6 {[%emt 0:00:42]} 39. a8=Q {[%emt 0:00:24]} Ne7 {[%emt 0:00:30]} 40. b5 {[%emt 0:00:42]} Nc7 {[%emt 0:00:39]} 41. Qa4 {[%emt 0:00:44]} Bxa3 {[%emt 0:00:28]} 42. Qxa3 {[%emt 0:00:22]} Nxb5 {[%emt 0:00:22]} 43. Qc5 {[%emt 0:00:23]} Nc3 {[%emt 0:00:26]} 44. Qxe5 {[%emt 0:00:29]} Nc6 {[%emt 0:00:32]} 45. Qf5+ {[%emt 0:00:36]} Ke7 {[%emt 0:00:27]} 46. Ng6+ {[%emt 0:00:24]} Kd6 {[%emt 0:00:23]} 47. e5+ {[%emt 0:00:51]} Kc5 {[%emt 0:00:28]} 48. e6+ {[%emt 0:00:33]} Kd6 {[%emt 0:00:23]} 49. Qf7 {[%emt 0:01:01]} Nd5 {[%emt 0:00:38]} 50. Qd7+ {[%emt 0:00:39]} Kc5 {[%emt 0:00:23]} 51. e7 {[%emt 0:00:37]} Ncxe7 {[%emt 0:00:53]} 52. Nxe7 {[%emt 0:00:24]} Nxe7 {[%emt 0:00:23]} 53. Qxe7+ {[%emt 0:00:23]} 1-0

[Event "Balkan Youth Online-ch 2020"]
[Site "Online"]
[Date "2020.10.31"]
[Round "3.2"]
[White "Lafkidis, Apostolos"]
[Black "Sava, Robert-Gabriel"]
[Result "1/2-1/2"]
[WhiteElo "1497"]
[BlackElo "1716"]
[Annotator "NA RC"]
[PlyCount "121"]
[EventDate "2020.10.31"]
[EventType "swiss"]
[SourceTitle "playchess.com"]
[Source "ChessBase"]
[SourceQuality "1"]
[TimeControl "1500+5"]

1. e4 {[%emt 0:00:00]} c5 {[%emt 0:02:37]} 2. Nf3 {[%emt 0:00:00]} d6 {[%emt 0:00:00]} 3. d4 {[%emt 0:00:00]} cxd4 {[%emt 0:00:00]} 4. Nxd4 {[%emt 0:00:00]} Nf6 {[%emt 0:00:00]} 5. f3 {[%emt 0:00:00]} Nc6 {[%emt 0:00:00]} 6. c4 {[%emt 0:00:00]} e6 {[%emt 0:00:00]} 7. Nc3 {[%emt 0:00:00]} Be7 {[%emt 0:00:00]} 8. Be3 {[%emt 0:00:00]} O-O {[%emt 0:00:00]} 9. Be2 {[%emt 0:00:00]} e5 {[%emt 0:00:14]} 10. Nb3 {[%emt 0:00:00]} Be6 {[%emt 0:00:00]} 11. O-O {[%emt 0:00:00]} a6 {[%emt 0:00:39]} 12. Qd2 {[%emt 0:00:00]} Nd7 {[%emt 0:00:04]} 13. Nd5 {[%emt 0:00:06]} Bxd5 {[%emt 0:00:17]} 14. cxd5 {[%emt 0:00:01]} Ncb8 {[%emt 0:00:00]} 15. Rac1 {[%emt 0:00:00]} f5 {[%emt 0:00:09]} 16. Na5 {[%emt 0:00:14]} b6 {[%emt 0:00:45]} 17. Nc6 {[%emt 0:00:05]} Nxc6 {[%emt 0:00:00]} 18. Rxc6 {[%emt 0:03:22]} fxe4 {[%emt 0:00:43]} 19. fxe4 {[%emt 0:00:04]} Rxf1+ {[%emt 0:00:00]} 20. Kxf1 {[%emt 0:02:00]} Nc5 {[%emt 0:00:12]} 21. Bxc5 {[%emt 0:01:13]} bxc5 {[%emt 0:00:02]} 22. Rxa6 {[%emt 0:00:51]} Rb8 {[%emt 0:00:13]} 23. b3 {[%emt 0:00:36]} Bg5 {[%emt 0:00:24]} 24. Qd3 {[%emt 0:01:00]} Qf6+ {[%emt 0:00:17]} 25. Qf3 {[%emt 0:06:39]} Qg6 {[%emt 0:00:42]} 26. Qg4 {[%emt 0:01:07]} Rf8+ {[%emt 0:00:44]} 27. Bf3 {[%emt 0:00:30]} Kh8 {[%emt 0:01:54]} 28. Ke2 {[%emt 0:00:43]} Qh6 {[%emt 0:05:38]} 29. Qh3 {[%emt 0:01:44]} Qf6 {[%emt 0:01:22]} 30. Qg4 {[%emt 0:02:11]} g6 {[%emt 0:00:49]} 31. Ra7 {[%emt 0:00:33]} Bh6 {[%emt 0:02:07]} 32. Qd7 {[%emt 0:01:00]} Bg7 {[%emt 0:00:39]} 33. Qe7 {[%emt 0:00:41]} Qxe7 {[%emt 0:00:14]} 34. Rxe7 {[%emt 0:00:00]} Ra8 {[%emt 0:00:00]} 35. Kd3 {[%emt 0:00:06]} Bf8 {[%emt 0:00:00]} 36. Rb7 {[%emt 0:01:07]} Rxa2 {[%emt 0:00:00]} 37. b4 {[%emt 0:00:31]} cxb4 {[%emt 0:00:12]} 38. Rxb4 {[%emt 0:00:00]} Ra3+ {[%emt 0:00:00]} 39. Ke2 {[%emt 0:00:04]} Ra2+ {[%emt 0:00:00]} 40. Kd3 {[%emt 0:00:00]} h5 {[%emt 0:00:08]} 41. Rb8 {[%emt 0:00:18]} Kg8 {[%emt 0:00:07]} 42. h3 {[%emt 0:00:11]} Ra3+ {[%emt 0:00:31]} 43. Ke2 {[%emt 0:00:02]} Ra4 {[%emt 0:00:02]} 44. Kd3 {[%emt 0:00:09]} Ra2 {[%emt 0:00:27]} 45. Kc3 {[%emt 0:00:22]} Ra4 {[%emt 0:01:38]} 46. Rb4 {[%emt 0:00:01]} Rxb4 {[%emt 0:00:18]} 47. Kxb4 {[%emt 0:00:00]} Bh6 {[%emt 0:00:00]} 48. Kb5 {[%emt 0:00:13]} Be3 {[%emt 0:00:00]} 49. Kc6 {[%emt 0:00:00]} Bc5 {[%emt 0:00:00]} 50. Kd7 {[%emt 0:00:00]} Kf7 {[%emt 0:00:00]} 51. g4 {[%emt 0:00:16]} hxg4 {[%emt 0:00:13]} 52. Bxg4 {[%emt 0:00:08]} g5 {[%emt 0:00:12]} 53. Bf5 {[%emt 0:00:14]} Kf6 {[%emt 0:00:00]} 54. Ke8 {[%emt 0:00:01]} Ba3 {[%emt 0:00:00]} 55. Kf8 {[%emt 0:00:00]} Bc5 {[%emt 0:00:00]} 56. Kg8 {[%emt 0:00:00]} Ba3 {[%emt 0:00:00]} 57. Kh7 {[%emt 0:00:00]} Bc5 {[%emt 0:00:02]} 58. Kh6 {[%emt 0:00:00]} Ba3 {[%emt 0:00:07]} 59. Kh5 {[%emt 0:00:00]} Bc5 {[%emt 0:00:00]} 60. Kg4 {[%emt 0:00:00]} Ba3 {[%emt 0:00:00]} 61. Be6 {[%emt 0:00:00]} 1/2-1/2

[Event "Balkan Youth Online-ch 2020"]
[Site "Online"]
[Date "2020.10.31"]
[Round "3.3"]
[White "Sevig, Mert Can"]
[Black "Boci, Mateo"]
[Result "0-1"]
[WhiteElo "1472"]
[BlackElo "1286"]
[Annotator "NA RC"]
[PlyCount "72"]
[EventDate "2020.10.31"]
[EventType "swiss"]
[SourceTitle "playchess.com"]
[Source "ChessBase"]
[SourceQuality "1"]
[TimeControl "1500+5"]

1. e4 {[%emt 0:00:00]} e6 {[%emt 0:00:00]} 2. d4 {[%emt 0:00:00]} d5 {[%emt 0:00:00]} 3. Nc3 {[%emt 0:00:00]} Nf6 {[%emt 0:00:03]} 4. Bg5 {[%emt 0:00:00]} Be7 {[%emt 0:00:00]} 5. e5 {[%emt 0:00:00]} Nfd7 {[%emt 0:00:00]} 6. Bxe7 {[%emt 0:00:00]} Qxe7 {[%emt 0:00:02]} 7. f4 {[%emt 0:00:00]} a6 {[%emt 0:00:01]} 8. Nf3 {[%emt 0:00:00]} c5 {[%emt 0:00:00]} 9. Qd2 {[%emt 0:00:00]} Nc6 {[%emt 0:00:06]} 10. O-O-O {[%emt 0:00:00]} b5 {[%emt 0:00:11]} 11. dxc5 {[%emt 0:01:43]} Nxc5 {[%emt 0:00:11]} 12. Nd4 {[%emt 0:00:00]} Bb7 {[%emt 0:01:03]} 13. Nce2 {[%emt 0:01:14]} Rc8 {[%emt 0:00:56]} 14. Nxc6 {[%emt 0:00:15]} Bxc6 {[%emt 0:00:20]} 15. Nd4 {[%emt 0:00:04]} Bb7 {[%emt 0:00:02]} 16. Qe3 {[%emt 0:02:46]} Ne4 {[%emt 0:01:32]} 17. Bd3 {[%emt 0:00:24]} Nc5 {[%emt 0:02:20]} 18. Be2 {[%emt 0:01:01]} O-O {[%emt 0:03:07]} 19. g4 {[%emt 0:01:04]} Ne4 {[%emt 0:00:38]} 20. Bd3 {[%emt 0:01:31]} Rc7 {[%emt 0:01:41]} 21. Rhg1 {[%emt 0:04:01]} Rfc8 {[%emt 0:00:46]} 22. Rdf1 {[%emt 0:00:46]} Nc5 {[%emt 0:03:37]} 23. Kb1 {[%emt 0:05:37]} Nxd3 {[%emt 0:00:14]} 24. cxd3 {[%emt 0:00:12]} Re8 {[%emt 0:00:31]} 25. Re1 {[%emt 0:01:38]} b4 {[%emt 0:00:24]} 26. f5 {[%emt 0:01:25]} a5 {[%emt 0:00:34]} 27. Qf4 {[%emt 0:01:50]} Ba6 {[%emt 0:00:22]} 28. Rg3 {[%emt 0:00:38]} Qh4 {[%emt 0:00:20]} 29. Nf3 {[%emt 0:00:26]} Bxd3+ {[%emt 0:00:07]} 30. Ka1 {[%emt 0:00:00]} Qh6 {[%emt 0:00:39]} 31. g5 {[%emt 0:00:47]} Qh5 {[%emt 0:00:11]} 32. f6 {[%emt 0:00:03]} Be4 {[%emt 0:00:35]} 33. Reg1 {[%emt 0:00:09]} Rec8 {[%emt 0:00:25]} 34. Nd4 {[%emt 0:00:02]} Qxh2 {[%emt 0:00:21]} 35. fxg7 {[%emt 0:00:00]} Qxg3 {[%emt 0:00:36]} 36. Qf1 {[%emt 0:00:13]} Qxg1 {[%emt 0:00:27]} 0-1

[Event "Balkan Youth Online-ch 2020"]
[Site "Online"]
[Date "2020.10.31"]
[Round "3.4"]
[White "Gkavardinas, Antonios"]
[Black "Palaiologou, Apostolos"]
[Result "1-0"]
[WhiteElo "1606"]
[BlackElo "1410"]
[Annotator "NA RC"]
[PlyCount "73"]
[EventDate "2020.10.31"]
[EventType "swiss"]
[SourceTitle "playchess.com"]
[Source "ChessBase"]
[SourceQuality "1"]
[TimeControl "5400+30"]

1. e4 {[%emt 1:05:20]} c5 {[%emt 1:05:23]} 2. Nf3 {[%emt 0:00:22]} d6 {[%emt 0:00:22]} 3. d4 {[%emt 0:00:23]} cxd4 {[%emt 0:00:27]} 4. Nxd4 {[%emt 0:00:21]} Nf6 {[%emt 0:00:25]} 5. Nc3 {[%emt 0:00:24]} a6 {[%emt 0:00:27]} 6. f3 {[%emt 0:00:22]} Qb6 {[%emt 0:00:41]} 7. Nb3 {[%emt 0:00:43]} e6 {[%emt 0:02:19]} 8. Qe2 {[%emt 0:01:14]} Nc6 {[%emt 0:01:25]} 9. Be3 {[%emt 0:00:35]} Qc7 {[%emt 0:00:32]} 10. O-O-O {[%emt 0:00:24]} b5 {[%emt 0:01:38]} 11. g4 {[%emt 0:00:38]} Bb7 {[%emt 0:02:07]} 12. h4 {[%emt 0:00:47]} Nd7 {[%emt 0:01:16]} 13. Qf2 {[%emt 0:00:46]} Be7 {[%emt 0:01:59]} 14. g5 {[%emt 0:00:37]} Nce5 {[%emt 0:00:40]} 15. Kb1 {[%emt 0:01:18]} Rc8 {[%emt 0:01:27]} 16. a3 {[%emt 0:00:39]} Nc5 {[%emt 0:01:29]} 17. h5 {[%emt 0:01:43]} Nxb3 {[%emt 0:01:43]} 18. cxb3 {[%emt 0:00:30]} f6 {[%emt 0:01:11]} 19. Bh3 {[%emt 0:01:49]} f5 {[%emt 0:01:19]} 20. f4 {[%emt 0:03:01]} Nd7 {[%emt 0:01:09]} 21. Rhe1 {[%emt 0:01:45]} O-O {[%emt 0:01:12]} 22. exf5 {[%emt 0:00:55]} exf5 {[%emt 0:00:35]} 23. Bd4 {[%emt 0:01:06]} Nc5 {[%emt 0:00:44]} 24. b4 {[%emt 0:01:12]} Ne4 {[%emt 0:00:59]} 25. Nxe4 {[%emt 0:01:19]} Bxe4+ {[%emt 0:00:34]} 26. Rxe4 {[%emt 0:01:19]} fxe4 {[%emt 0:00:24]} 27. Be6+ {[%emt 0:00:24]} Kh8 {[%emt 0:00:34]} 28. h6 {[%emt 0:00:26]} Bf6 {[%emt 0:00:48]} 29. gxf6 {[%emt 0:00:30]} gxf6 {[%emt 0:00:32]} 30. Bxc8 {[%emt 0:00:29]} Qxc8 {[%emt 0:00:25]} 31. Rg1 {[%emt 0:01:09]} Qf5 {[%emt 0:00:50]} 32. Qg3 {[%emt 0:00:55]} Qg6 {[%emt 0:00:55]} 33. Qh3 {[%emt 0:01:41]} Qf7 {[%emt 0:00:37]} 34. Qf5 {[%emt 0:00:54]} Qe7 {[%emt 0:01:51]} 35. Rg7 {[%emt 0:00:35]} Qxg7 {[%emt 0:00:28]} 36. hxg7+ {[%emt 0:00:22]} Kxg7 {[%emt 0:00:23]} 37. Qxe4 {[%emt 0:00:22]} 1-0